| 000 | 00626nam a2200229Ia 4500 | ||
|---|---|---|---|
| 003 | OSt | ||
| 005 | 20220916111117.0 | ||
| 006 | a|||||r|||| 00| 0 | ||
| 007 | ta | ||
| 008 | 220915b |||||||| |||| 00| 0 eng d | ||
| 024 | _a252054 | ||
| 037 | _cTextbook | ||
| 040 |
_beng _aARTS _cARTS |
||
| 041 | _aeng | ||
| 082 | _aO111:gN, M2 | ||
| 100 | _aBlamires Harry | ||
| 245 | 0 | _aMacmillan history of literature twentieth century english literature | |
| 260 |
_aLondon _bMacmillan Press UK |
||
| 650 | _aENGLISH LITERATURE | ||
| 942 |
_hO111:gN, M2 _cTB _2CC |
||
| 999 |
_c105718 _d105718 |
||